[Event "Bundesliga B West 2008/09"]
[Site "masterchessopen.com - Austria"]
[Date "2008.10.18"]
[Round "2"]
[White "Laske Erich (AUT)"]
[Black "Feistenauer Fred (AUT)"]
[Result "0-1"]
[WhiteElo "2100"]
[BlackElo "2251"]

1.c4 e5 2.Nc3 Nc6 3.Nf3 f5 4.g3 Nf6 5.d4 e4 6.Nh4 d6 7.Bh3 g6 8.Bg5 Bg7 9.Qd2
O-O 10.Ng2 Qe8 11.O-O-O Qf7 12.b3 Nxd4 13.Bh6 Nc6 14.f3 exf3 15.exf3 Bxh6
16.Qxh6 Qg7 17.Qd2 Bd7 18.Nf4 Rfe8 19.Bg2 Ne5 20.h4 Bc6 21.Rdf1 a6 22.h5 b5
23.hxg6 hxg6 24.Nfd5 bxc4 25.bxc4 Nxc4 26.Nxf6+ Qxf6 27.Qd3 Ne5 28.Qd4 Kg7
29.g4 Nxg4 30.Qd2 Ne3 31.Re1 f4 32.Ref1 Re5 {#R} 0-1

[Event "It (open)"]
[Site "masterchessopen.com - L'Hospitalet de Llobregat (Spain)"]
[Date "2009.01.03"]
[Round "7"]
[White "Fernandez-Diaz Mascort M (ESP)"]
[Black "Dominguez Rueda Juan (ESP)"]
[Result "0-1"]
[WhiteElo "2203"]
[BlackElo "2199"]

1.c4 e5 2.Nc3 Nc6 3.Nf3 f5 4.d3 Nf6 5.g3 g6 6.Bg2 Bg7 7.e4 d6 8.a3 O-O 9.b4
Kh8 10.O-O fxe4 11.dxe4 Be6 12.Qd3 a5 13.b5 Nd4 14.Nxd4 exd4 15.Nd1 Nd7 16.Nb2
Ne5 17.Qb3 a4 18.Qb4 Nf3+ 19.Kh1 c5 20.bxc6 bxc6 21.Bf4 Rxf4 22.gxf4 Rb8
23.Qxa4 Qh4 24.Bxf3 Qxf4 25.Rg1 Qxf3+ 26.Rg2 Bh3 27.Rg1 Bxg2+ 28.Rxg2 Rxb2
{#R} 0-1

[Event "It (open)"]
[Site "masterchessopen.com - Prague (Czech Republic)"]
[Date "2009.01.14"]
[Round "7"]
[White "Kjartansson Gudmundur (ISL)"]
[Black "Andonov Bogomil (BUL)"]
[Result "1-0"]
[WhiteElo "2356"]
[BlackElo "2311"]

1.c4 e5 2.Nc3 Nc6 3.Nf3 f5 4.d4 e4 5.Ng5 Be7 6.Nh3 Nf6 7.Bg5 h6 8.Bxf6 Bxf6
9.e3 Ne7 10.Nf4 g6 11.g4 O-O 12.gxf5 gxf5 13.Qh5 Kh7 14.Ncd5 Bg5 15.Rg1 Nxd5
16.Nxd5 c6 17.h4 cxd5 18.hxg5 Qa5+ 19.Kd1 Qb6 20.cxd5 Qg6 21.Qxg6+ Kxg6
22.gxh6+ Kf6 23.h7 Kf7 24.d6 Rh8 25.Bc4+ Kf6 26.Bg8 b6 27.Kd2 Bb7 28.Rg3 Rxh7
29.Bxh7 Bd5 30.Rag1 Bf7 31.Rg5 {#r} 1-0

[Event "Ch City"]
[Site "masterchessopen.com - Saratov (Russia)"]
[Date "2009.03.04"]
[Round "6"]
[White "Nikolaev Alexander (RUS)"]
[Black "Mochalov Yulian (RUS)"]
[Result "1-0"]
[WhiteElo "2119"]
[BlackElo "1925"]

1.c4 e5 2.Nc3 Nc6 3.Nf3 f5 4.d4 e4 5.Ng5 Bb4 6.Nh3 Nf6 7.e3 Bxc3+ 8.bxc3 d6
9.Ba3 O-O 10.Nf4 Kh8 11.h4 Qe8 12.Be2 Rg8 13.h5 h6 14.c5 d5 15.c4 Ne7 16.c6
bxc6 17.Bxe7 Qf7 18.Ba3 Be6 19.Ng6+ Kh7 20.Ne7 Rge8 21.Nxc6 dxc4 22.Ne5 Qg8
23.Qc2 Ng4 24.Nxg4 fxg4 25.Qxe4+ {#r} 1-0

[Event "Czech League 2008/09 (2nd) (e)"]
[Site "masterchessopen.com - Czech Republic"]
[Date "2009.04.05"]
[Round "11"]
[White "Mayer Josef (CZE)"]
[Black "Uricar Jakub (CZE)"]
[Result "0-1"]
[WhiteElo "2097"]
[BlackElo "2162"]

1.c4 e5 2.Nc3 Nc6 3.Nf3 f5 4.d4 e4 5.Ng5 h6 6.Nh3 g5 7.Ng1 Bg7 8.e3 Nf6 9.h4
d6 10.Qb3 Qe7 11.Nd5 Qf7 12.hxg5 hxg5 13.Rxh8+ Bxh8 14.Nh3 Nh7 15.Bd2 f4
16.O-O-O Rb8 17.exf4 Nxd4 18.Qa4+ Nc6 19.Nxg5 Nxg5 20.fxg5 b5 21.cxb5 Qxd5
22.bxc6 Bxb2+ 23.Kc2 Bf5 24.Be3 Qe5 25.Qc4 Be6 26.Bd4 Qf5 27.Qa4 e3+ {#R} 0-1

[Event "Ch Kyrgyzstan"]
[Site "masterchessopen.com - Bishkek (Kyrgyzstan)"]
[Round "6"]
[White "Markov Mikhail (RUS)"]
[Black "Umarbekov Aziz (KGZ)"]
[Result "0-1"]
[WhiteElo "1856"]
[BlackElo "2281"]

1.c4 e5 2.Nc3 Nc6 3.Nf3 f5 4.e4 Nf6 5.exf5 Bc5 6.h3 O-O 7.g4 g6 8.d3 gxf5
9.gxf5 Kh8 10.Bh6 Rg8 11.Ng5 Qe7 12.Be2 d6 13.Bh5 Nd8 14.Qf3 Bb4 15.Ne4 Nxh5
16.Qxh5 Qf7 17.Qh4 Bxf5 18.Bg5 Ne6 19.Bf6+ Ng7 20.Rg1 Raf8 21.Rxg7 Rxg7
22.O-O-O Bxc3 23.Bxg7+ Qxg7 24.Nxc3 {#R} 0-1

[Event "Ch Madrid (Previa A)"]
[Site "masterchessopen.com - Madrid (Spain)"]
[Date "2009.11.03"]
[Round "2"]
[White "Barragan Panal Juan Jose (ESP)"]
[Black "Garcia Gutierrez Jose (ESP)"]
[Result "0-1"]
[WhiteElo "1644"]
[BlackElo "2053"]

1.c4 e5 2.Nc3 Nc6 3.Nf3 f5 4.d4 e4 5.Ne5 Bb4 6.Nxc6 bxc6 7.a3 Bxc3+ 8.bxc3 Nf6
9.Rb1 O-O 10.Bf4 Nh5 11.Qc1 Nxf4 12.Qxf4 g5 13.Qd2 f4 14.Kd1 d5 15.e3 Qf6
16.exf4 gxf4 17.Be2 Qg6 18.Kc2 Bf5 19.Qd1 Rab8 20.Rb4 a5 21.Bh5 e3+ 22.Kb2 Qf6
23.Rb3 dxc4 {#R} 0-1

[Event "It (open)"]
[Site "masterchessopen.com - Piestany (Slovakia)"]
[Date "2009.11.20"]
[Round "4"]
[White "Kimerling Martin (SVK)"]
[Black "Kovac Andrej (SVK)"]
[Result "0-1"]
[WhiteElo "1792"]
[BlackElo "2126"]

1.c4 e5 2.Nc3 Nc6 3.Nf3 f5 4.d4 e4 5.d5 exf3 6.dxc6 fxg2 7.cxd7+ Qxd7 8.Qxd7+
Bxd7 9.Bxg2 O-O-O 10.Bf4 Bb4 11.Be5 Nf6 12.a3 Bc5 13.O-O Rhe8 14.Bxf6 gxf6
15.e3 Rg8 16.Kh1 c6 17.Rad1 Be6 18.b4 Bd6 19.c5 Be5 20.Ne2 Bc4 21.Bf3 Bb2
22.Rxd8+ Rxd8 23.a4 Rd2 24.Re1 Ba3 25.Nd4 Bxb4 {#R} 0-1

[Event "Tournament \"]
[Site "masterchessopen.com - Egypt"]
[Date "2009.11.23"]
[Round "8"]
[White "Ibrahim Hatim (EGY)"]
[Black "Ibrahim Mohamed (EGY)"]
[Result "1-0"]
[WhiteElo "2320"]
[BlackElo "2116"]

1.c4 e5 2.Nc3 Nc6 3.Nf3 f5 4.d4 e4 5.Ng5 h6 6.Nh3 g5 7.e3 Nf6 8.f3 exf3 9.gxf3
Qe7 10.Qd3 Bg7 11.Bd2 d6 12.O-O-O Nb4 13.Qb1 c6 14.a3 Na6 15.Bd3 Be6 16.Bxf5
Bxc4 17.f4 g4 18.Nf2 h5 19.Rhg1 b5 20.Nce4 d5 21.Bg6+ Kf8 22.Ng5 b4 23.a4 Bb3
24.Qd3 Bc4 25.Qf5 c5 26.Kb1 Bb3 27.Nd3 c4 28.Ne5 Bxa4 29.Ne6+ Kg8 30.Bf7+ Qxf7
31.Nxf7 Kxf7 32.Ng5+ {#r} 1-0

[Event "Ch City (open)"]
[Site "masterchessopen.com - Novokuznetsk (Russia)"]
[Date "2009.12.06"]
[Round "7"]
[White "Avdeev Alexander (RUS)"]
[Black "Denisova Natalia (RUS)"]
[Result "1-0"]
[WhiteElo "2246"]
[BlackElo "2025"]

1.c4 e5 2.Nc3 Nc6 3.Nf3 f5 4.d4 e4 5.d5 Nce7 6.Nd4 d6 7.e3 Nf6 8.Be2 Ng6 9.O-O
Be7 10.f3 exf3 11.Bxf3 Ne5 12.b3 O-O 13.Ne6 Bxe6 14.dxe6 Qc8 15.Nd5 Re8 16.Bb2
c6 17.Nxe7+ Rxe7 18.Qxd6 Rxe6 19.Qd2 Qe8 20.Rad1 Neg4 21.Bxg4 Nxg4 22.Qd4 Qg6
23.Rf3 Rae8 24.Bc1 b6 25.h3 Re4 26.Qc3 Ne5 27.Rf2 Rh4 28.Rdf1 Rxh3 29.Rxf5 Qg3
30.Qxe5 {#r} 1-0

[Event "Ch Kujawsko - Pomorskie province (team) 2009/10 "]
[Site "masterchessopen.com - Poland"]
[Date "2010.01.10"]
[Round "5"]
[White "Czarnolewski Piotr (POL)"]
[Black "Lewandowski Marek (POL)"]
[Result "0-1"]
[WhiteElo "1838"]
[BlackElo "1922"]

1.c4 e5 2.Nc3 Nc6 3.Nf3 f5 4.d3 Nf6 5.g3 Bb4 6.Bd2 d6 7.Bg2 O-O 8.O-O Kh8 9.a3
Bxc3 10.Bxc3 Bd7 11.b4 a5 12.b5 Ne7 13.a4 c5 14.Ne1 Rb8 15.Nc2 b6 16.Ne3 f4
17.Nc2 Ng6 18.Ne1 Qc8 19.Nf3 Bh3 20.Ng5 Bxg2 21.Kxg2 Qg4 22.Ne4 Nh4+ 23.Kh1
Qh3 24.Rg1 Ng4 {#R} 0-1

[Event "It (open) \"]
[Site "masterchessopen.com - Bar (Montenegro)"]
[Date "2010.04.18"]
[Round "3"]
[White "Dimitrijevic Aleksandra (SRB)"]
[Black "Draskovic Davor (MNE)"]
[Result "1-0"]
[WhiteElo "2242"]
[BlackElo "1775"]

1.c4 e5 2.Nc3 Nc6 3.Nf3 f5 4.e3 Nf6 5.d4 e4 6.Nd2 Bb4 7.Qb3 Bxc3 8.bxc3 d6
9.Be2 b6 10.O-O Na5 11.Qc2 c5 12.f3 Qe7 13.fxe4 Nxe4 14.Nxe4 fxe4 15.Rf4 Bb7
16.d5 O-O-O 17.Rxe4 Qg5 18.Bd2 Rde8 19.Rf1 Re7 20.Bg4+ Kb8 21.Rf5 Qg6 22.Rxe7
Qxg4 23.Be1 Nxc4 24.Rf4 Nxe3 25.Rxg4 Nxc2 26.Bg3 Rd8 27.Rgxg7 Bxd5 28.Bxd6+
{#r} 1-0

[Event "Ch Poland (juniors) (under 14) (g)"]
[Site "masterchessopen.com - Sekocin Stary (Poland)"]
[Date "2010.05.06"]
[Round "9"]
[White "Szeglowska Karolina (POL)"]
[Black "Ociepka Dominika (POL)"]
[Result "0-1"]
[WhiteElo "1469"]
[BlackElo "1432"]

1.c4 e5 2.Nc3 Nc6 3.Nf3 f5 4.d3 Nf6 5.Bg5 h6 6.Bd2 g6 7.Nd5 d6 8.Nb4 Bd7 9.c5
Bg7 10.cxd6 cxd6 11.Nxc6 Bxc6 12.Nh4 Kf7 13.Qb3+ Bd5 14.Qa4 Re8 15.e4 fxe4
16.dxe4 Nxe4 17.Bc4 Bxc4 18.Qxc4+ d5 19.Qb4 Qxh4 20.Qxb7+ Ke6 21.Qc6+ Nd6
22.Bb4 Qxb4+ 23.Kd1 Rac8 24.Qa6 Qxb2 {#R} 0-1

[Event "Tournament (open)"]
[Site "masterchessopen.com - Vladivostok (Russia)"]
[Date "2010.06.05"]
[Round "5"]
[White "Chubukin Alexander (RUS)"]
[Black "Petrov Ivan (RUS)"]
[Result "1-0"]
[WhiteElo "2255"]
[BlackElo "2170"]

1.c4 e5 2.Nc3 Nc6 3.Nf3 f5 4.d3 Nf6 5.g3 Bb4 6.Bd2 O-O 7.Bg2 Bxc3 8.Bxc3 d6
9.O-O h6 10.b4 Be6 11.Nd2 Rb8 12.b5 Ne7 13.Qa4 Nc8 14.Qa3 Qd7 15.Rab1 b6
16.Nb3 Qf7 17.Qb2 g5 18.Rbc1 f4 19.d4 Qh5 20.dxe5 Ng4 21.h3 fxg3 22.fxg3 Rxf1+
23.Rxf1 Ne3 24.g4 Qe8 25.Rf6 Nxg2 26.Kxg2 Bxc4 27.Qc2 Ne7 28.Rxh6 dxe5 29.Qh7+
Kf8 30.Rf6+ Bf7 31.Bb4 {#r} 1-0

[Event "Ch Spain (juniors) (under 14)"]
[Site "masterchessopen.com - Linares (Spain)"]
[Date "2010.07.17"]
[Round "7"]
[White "Acosta Sosa Juan Manuel (ESP)"]
[Black "Antunez Munoz Juan Jesus (ESP)"]
[Result "0-1"]
[WhiteElo "2007"]
[BlackElo "1781"]

1.c4 e5 2.Nc3 Nc6 3.Nf3 f5 4.d3 Nf6 5.g3 Bc5 6.Bg2 O-O 7.O-O Qe8 8.Nd2 d6 9.a3
a5 10.Nb5 f4 11.Nxc7 Qh5 12.Bf3 Bg4 13.Nd5 Bxf3 14.Nxf6+ Rxf6 15.Nxf3 fxg3
16.hxg3 Qh3 17.d4 Nxd4 18.Nxd4 Bxd4 19.Qd3 Raf8 20.Bf4 exf4 21.Qxd4 f3 22.exf3
Rh6 {#R} 0-1

[Event "It (open) (b)"]
[Site "masterchessopen.com - Polanica Zdroj (Poland)"]
[Round "6"]
[White "Kowalik Pawel (POL)"]
[Black "Lewtak Dominik (POL)"]
[Result "1-0"]
[WhiteElo "1748"]
[BlackElo "1604"]

1.c4 e5 2.Nc3 Nc6 3.Nf3 f5 4.d3 Nf6 5.e3 Be7 6.Be2 d6 7.a3 O-O 8.O-O Kh8 9.b4
Qe8 10.d4 e4 11.Nd2 Qg6 12.f3 exf3 13.Bxf3 Bd7 14.b5 Nd8 15.e4 fxe4 16.Ndxe4
Ne6 17.Be3 Rab8 18.a4 a6 19.Nxf6 Bxf6 20.Be4 Qe8 21.Qd3 Ng5 22.Bxg5 Bxg5
23.Rxf8+ Qxf8 24.Bxh7 axb5 25.axb5 Ra8 26.Rf1 Qe8 27.Nd5 Rc8 28.Bg6 Qg8 29.Qg3
Bh6 30.Ne7 Qd8 31.Nxc8 Qxc8 32.Qf3 {#r} 1-0

[Event "It (open)"]
[Site "masterchessopen.com - Dieppe (France)"]
[Date "2010.08.22"]
[Round "1"]
[White "Fontaine Olivier (FRA)"]
[Black "Seret Jean-Luc (FRA)"]
[Result "0-1"]
[WhiteElo "1915"]
[BlackElo "2399"]

1.c4 e5 2.Nc3 Nc6 3.Nf3 f5 4.d3 Bb4 5.Bd2 Nf6 6.e3 O-O 7.a3 Bxc3 8.Bxc3 d6
9.Be2 e4 10.Nd2 Qe8 11.Bxf6 Rxf6 12.d4 f4 13.Bg4 Qg6 14.f3 Bxg4 15.Nxe4 Qxe4
{#R} 0-1

[Event "Tournament (juniors) (under 15)"]
[Site "masterchessopen.com - Lublin (Poland)"]
[Date "2010.09.25"]
[Round "7"]
[White "Daciuk Jaroslaw (POL)"]
[Black "Zochowski Kacper (POL)"]
[Result "0-1"]
[WhiteElo "1554"]
[BlackElo "1903"]

1.c4 e5 2.Nc3 Nc6 3.Nf3 f5 4.d4 e4 5.d5 exf3 6.dxc6 bxc6 7.gxf3 Nf6 8.e4 Bb4
9.e5 Qe7 10.Qe2 Nh5 11.f4 g6 12.Bg2 Bxc3+ 13.bxc3 Qe6 14.Bf3 Ng7 15.Ba3 Ba6
16.Qe3 Bxc4 17.Qc5 d5 18.Bd1 Qd7 19.Ba4 Bb5 20.Bb3 Ne6 21.Qe3 a5 22.h4 a4
23.Bd1 Kf7 24.Rh3 Rad8 25.Rc1 d4 26.cxd4 Qxd4 27.Rf3 Qd5 28.Bc2 Qc4 29.Bd3
Rxd3 30.Qxd3 Qxd3 31.Rxd3 Bxd3 32.Rxc6 Bb5 {#R} 0-1

[Event "Belgrade Premier League"]
[Site "masterchessopen.com - Belgrade (Serbia)"]
[Date "2010.10.11"]
[Round "11"]
[White "Cvetkovic Srdjan (SRB)"]
[Black "Sarenac Ivan (SRB)"]
[Result "1-0"]
[WhiteElo "2406"]
[BlackElo "2358"]

1.c4 e5 2.Nc3 Nc6 3.Nf3 f5 4.d4 e4 5.d5 exf3 6.dxc6 fxg2 7.cxd7+ Bxd7 8.Bxg2
c6 9.e4 Qc7 10.exf5 O-O-O 11.Qf3 Qe5+ 12.Be3 Bxf5 13.O-O Bd6 14.Rfd1 Qxh2+
15.Kf1 Rf8 16.Nb5 Bd3+ 17.Rxd3 Rxf3 18.Nxd6+ Kb8 19.Bxf3 Nf6 20.Rad1 Rd8 21.b4
a6 22.b5 axb5 23.cxb5 Nd5 24.Bxd5 Rxd6 25.bxc6 bxc6 26.Bg2 Rxd3 27.Rxd3 Qe5
28.Bxc6 Qa1+ 29.Kg2 Qxa2 30.Bb6 {#r} 1-0

[Event "Czech League 2010/11 (krajsky prebor)"]
[Site "masterchessopen.com - Czech Republic"]
[Date "2010.10.24"]
[Round "2"]
[White "Pavera Vit"]
[Black "Janyska Pavel (CZE)"]
[Result "0-1"]
[WhiteElo "1959"]
[BlackElo "2040"]

1.c4 e5 2.Nc3 Nc6 3.Nf3 f5 4.d3 Nf6 5.a3 a5 6.g3 Bc5 7.Bg2 O-O 8.O-O d6 9.Rb1
Qe8 10.e3 Kh8 11.d4 Ba7 12.b4 f4 13.b5 Nd8 14.exf4 Bg4 15.dxe5 dxe5 16.fxe5
Nd7 17.h3 Bxf3 18.Bxf3 Nxe5 19.Bf4 Nxc4 20.Bd5 Qg6 21.Be4 Qe6 22.Qh5 g6 23.Qd5
Qxd5 24.Bxd5 Rxf4 25.gxf4 Nd2 26.Rfe1 Nxb1 27.Re8+ Kg7 28.Nxb1 Bc5 29.Bxb7 Rb8
30.Ba6 c6 31.a4 Bd6 32.Nd2 {#R} 0-1

[Event "Memorial Zamenhof (open)"]
[Site "masterchessopen.com - Bialystok (Poland)"]
[Round "9"]
[White "Daciuk Slawomir (POL)"]
[Black "Kostyra Stanislaw (POL)"]
[Result "0-1"]
[WhiteElo "2023"]
[BlackElo "2336"]

1.c4 e5 2.Nc3 Nc6 3.Nf3 f5 4.d4 e4 5.d5 exf3 6.dxc6 fxg2 7.cxd7+ Bxd7 8.Bxg2
c6 9.Qb3 Qc7 10.Be3 f4 11.Bd4 Ne7 12.Ne4 Nf5 13.Bc5 Bxc5 14.Nxc5 Qa5+ {#R} 0-1

[Event "Ch City"]
[Site "masterchessopen.com - Rostov on Don (Russia)"]
[Round "7"]
[White "Reva Kirill (RUS)"]
[Black "Ivaschenko Vadim (RUS)"]
[Result "0-1"]
[WhiteElo "1899"]
[BlackElo "2280"]

1.c4 e5 2.Nc3 Nc6 3.Nf3 f5 4.d3 Nf6 5.g3 Bc5 6.Bg2 O-O 7.O-O d6 8.Rb1 a6 9.a3
Qe8 10.Bg5 Qh5 11.e3 Ne8 12.d4 Ba7 13.dxe5 dxe5 14.e4 Be6 15.Re1 f4 16.gxf4 h6
17.Qb3 Nd6 18.Bh4 Rxf4 19.Nd5 Rxf3 {#R} 0-1

[Event "Czech League 2010/11 (2nd) (f)"]
[Site "masterchessopen.com - Czech Republic"]
[Date "2011.04.10"]
[Round "11"]
[White "Weissmann Lukas (CZE)"]
[Black "Navratil Jiri Jun (CZE)"]
[Result "1-0"]
[WhiteElo "2123"]
[BlackElo "2140"]

1.c4 e5 2.Nc3 Nc6 3.Nf3 f5 4.d4 e4 5.Ng5 Be7 6.Nh3 Nf6 7.e3 O-O 8.Be2 d5 9.O-O
Be6 10.Ng5 Bc8 11.cxd5 Nxd5 12.Nh3 Be6 13.f3 exf3 14.Bxf3 Nxc3 15.bxc3 Bc4
16.Be2 Bxe2 17.Qxe2 Bd6 18.Rb1 b6 19.Qc4+ {#r} 1-0

[Event "It (open)"]
[Site "masterchessopen.com - Cotxeres de Sants (Spain)"]
[Date "2011.04.20"]
[Round "5"]
[White "Vilageliu Ceballos Josep M (ESP)"]
[Black "Lorenzo De La Riva Lazaro (ESP)"]
[Result "0-1"]
[WhiteElo "2104"]
[BlackElo "2383"]

1.c4 e5 2.Nc3 Nc6 3.Nf3 f5 4.d3 Nf6 5.g3 Bb4 6.Bg2 O-O 7.O-O Bxc3 8.bxc3 d6
9.Rb1 Qe8 10.Bg5 Qh5 11.Bxf6 Rxf6 12.Qd2 f4 13.Rfd1 Rb8 14.Rb5 a6 15.Rb2 Bh3
16.Rdb1 Bxg2 17.Kxg2 b6 18.Qd1 Rbf8 19.Qa4 Nd8 20.Qd7 Ne6 21.c5 fxg3 22.hxg3
Nf4+ 23.gxf4 Rg6+ 24.Ng5 exf4 25.Qh3 Qxg5+ 26.Kf3 Qd5+ {#R} 0-1

[Event "Ch Ukraine (club)"]
[Site "masterchessopen.com - Alushta (Ukraine)"]
[Date "2011.05.18"]
[Round "6"]
[White "Zhak Boris (RUS)"]
[Black "Biriukov Nikolai (UKR)"]
[Result "0-1"]
[WhiteElo "1924"]
[BlackElo "2418"]

1.c4 e5 2.Nc3 Nc6 3.Nf3 f5 4.e4 Nf6 5.exf5 e4 6.Ng5 Qe7 7.Nb5 d6 8.Ne6 Bxe6
9.fxe6 O-O-O 10.d4 d5 11.c5 a6 12.Nc3 Qxe6 13.Be2 Bxc5 14.dxc5 d4 15.Nxe4 Qxe4
16.O-O Ne5 17.f4 d3 18.Bh5 Nc4 19.Bf3 Qd4+ 20.Kh1 d2 21.Qb3 c6 22.Rd1 Qxf4
23.Qa4 Ne4 24.Rf1 dxc1=Q 25.Raxc1 Ncd2 {#R} 0-1

[Event "It \"]
[Site "masterchessopen.com - Otranto (Italy)"]
[Date "2011.05.27"]
[Round "8"]
[White "Sbarra Marco (ITA)"]
[Black "Quaranta Cristiano (ITA)"]
[Result "1-0"]
[WhiteElo "2227"]
[BlackElo "2128"]

1.c4 e5 2.Nc3 Nc6 3.Nf3 f5 4.d4 e4 5.Ng5 Nf6 6.g3 Be7 7.Bg2 O-O 8.d5 Ne5 9.b3
d6 10.f3 exf3 11.exf3 h6 12.Nh3 Nfd7 13.O-O Bf6 14.Qc2 Nc5 15.Be3 b6 16.Rad1
a5 17.Nb5 Bd7 18.Nd4 Qc8 19.Nf4 g6 20.Nfe6 Bxe6 21.dxe6 Kg7 22.f4 Ng4 23.Rfe1
Nxe3 24.Rxe3 Bxd4 25.Rxd4 Nxe6 26.Rd1 Rb8 27.Bd5 {#r} 1-0

[Event "It (open)"]
[Site "masterchessopen.com - Fourmies (France)"]
[Date "2011.06.13"]
[Round "6"]
[White "Smailovic Omer (FRA)"]
[Black "Lobzhanidze Davit (GEO)"]
[Result "0-1"]
[WhiteElo "2107"]
[BlackElo "2487"]

1.c4 e5 2.Nc3 Nc6 3.Nf3 f5 4.d3 Nf6 5.e3 g6 6.Be2 Bg7 7.Rb1 O-O 8.O-O d6 9.Bd2
h6 10.b4 g5 11.Ne1 Ne7 12.f4 Ng6 13.fxg5 hxg5 14.Bh5 Ne7 15.Nd5 Nexd5 16.cxd5
Nxh5 17.Qxh5 g4 18.g3 Bd7 19.e4 Be8 20.Qg5 Qxg5 21.Bxg5 fxe4 22.Rc1 Rxf1+
23.Kxf1 exd3 24.Rxc7 Bb5 25.Kf2 Rf8+ 26.Kg2 e4 27.h4 Bd4 28.Bf4 Rxf4 29.gxf4
d2 {#R} 0-1

[Event "It \"]
[Site "masterchessopen.com - Hamburg (Germany)"]
[Date "2011.07.09"]
[Round "1"]
[White "Tscherepanov Leon (GER)"]
[Black "Sechting Martin (GER)"]
[Result "0-1"]
[WhiteElo "1853"]
[BlackElo "2058"]

1.c4 e5 2.Nc3 Nc6 3.Nf3 f5 4.d3 Nf6 5.e3 Bb4 6.Be2 d5 7.O-O Bxc3 8.bxc3 dxc4
9.d4 e4 10.Ng5 Qd5 11.Rb1 b5 12.a4 a6 13.Ba3 Na5 14.f3 Nb3 15.fxe4 fxe4
16.Bh5+ g6 17.Nxh7 Nxh5 18.Qxh5 Qxh5 19.Nf6+ Kd8 20.Nxh5 gxh5 21.Rf7 Be6
22.Re7 Bd5 23.Rf1 Re8 24.Rh7 Rb8 25.Rf6 b4 26.cxb4 c3 27.Rxh5 c6 28.Rh7 c2
29.Rd6+ Kc8 30.Rdd7 Rxb4 31.Bxb4 c1=Q+ 32.Kf2 c5 {#R} 0-1

[Event "It (open)"]
[Site "masterchessopen.com - Amantea (Italy)"]
[Date "2011.09.09"]
[Round "7"]
[White "Sarro Emilio"]
[Black "Forlano Luigi (ITA)"]
[Result "0-1"]
[WhiteElo "1979"]
[BlackElo "1976"]

1.c4 e5 2.Nc3 Nc6 3.Nf3 f5 4.d3 Bb4 5.Bg5 Bxc3+ 6.bxc3 Nf6 7.g3 d6 8.Bg2 h6
9.Bc1 O-O 10.O-O f4 11.gxf4 Qe8 12.fxe5 Ng4 13.d4 dxe5 14.dxe5 Be6 15.Ba3 Rf5
16.e4 Rh5 17.h3 Qg6 18.Nd4 Rxh3 19.Nxe6 Rh1+ 20.Bxh1 Qh5 21.Kg2 Ncxe5 22.Qxg4
Qxg4+ 23.Kh2 Qxe6 24.f4 Ng4+ 25.Kg3 Ne3 26.Rfc1 Qg4+ 27.Kf2 Qxf4+ 28.Ke2 Rd8
29.Bc5 Nxc4 30.Rd1 Rd2+ 31.Rxd2 Qxd2+ 32.Kf1 Qxc3 {#R} 0-1

[Event "Tournament (open)"]
[Site "masterchessopen.com - Santa Eulalia de Roncana (Spain)"]
[Date "2011.10.08"]
[Round "2"]
[White "Turon Mora Joan"]
[Black "Canal Oliveras Joan (ESP)"]
[Result "0-1"]
[WhiteElo "1906"]
[BlackElo "2242"]

1.c4 e5 2.Nc3 Nc6 3.Nf3 f5 4.e4 fxe4 5.Nxe4 Nf6 6.d3 Nxe4 7.dxe4 Bb4+ 8.Bd2
Bxd2+ 9.Qxd2 d6 10.Be2 Bg4 11.O-O Bxf3 12.Bxf3 Nd4 13.Bh5+ g6 14.Bg4 h5 15.Be2
Qh4 16.f3 O-O-O 17.b4 Qf4 18.Qd3 Qh6 19.a4 g5 20.b5 Kb8 21.a5 g4 22.Ra2 Rdf8
23.b6 cxb6 24.axb6 a6 25.Qc3 Rc8 26.Bd1 Qe6 27.Ra4 Rc6 28.f4 Rxb6 29.f5 Qf7
30.Bc2 Ne2+ {#R} 0-1

[Event "Tournament (open)"]
[Site "masterchessopen.com - Petroupoli (Greece)"]
[Date "2011.10.15"]
[Round "1"]
[White "Kampitsis Vasilios (GRE)"]
[Black "Kontogiannis Alexandros L"]
[Result "1-0"]
[WhiteElo "1885"]
[BlackElo "1373"]

1.c4 e5 2.Nc3 Nc6 3.Nf3 f5 4.d3 Bb4 5.Bd2 Nf6 6.a3 Bxc3 7.Bxc3 d6 8.g3 O-O
9.Bg2 Qe8 10.O-O Qh5 11.Nd2 f4 12.Ne4 Bh3 13.e3 Ng4 14.Bf3 fxg3 15.Nxg3 Qg5
16.Bd5+ Kh8 17.f4 Qh4 18.Qd2 Rf6 19.Rf3 Raf8 20.Ne4 Rg6 21.Ng5 Rxg5 22.fxg5
Rxf3 23.Bxf3 Qxg5 24.Kh1 Qxe3 25.Qxe3 Nxe3 26.b4 Kg8 27.b5 Nd8 28.Re1 Nc2
29.Re2 Nxa3 30.Bb2 Nb1 31.d4 Bf1 32.Bd5+ {#r} 1-0

[Event "Tournament (Elo) \"]
[Site "masterchessopen.com - Assiut (Egypt)"]
[Date "2011.10.19"]
[Round "9"]
[White "Salem Sameh"]
[Black "Nagdy Wael"]
[Result "0-1"]
[WhiteElo "1911"]
[BlackElo "1923"]

1.c4 e5 2.Nc3 Nc6 3.Nf3 f5 4.d3 Nf6 5.Bg5 Bb4 6.a3 Bxc3+ 7.bxc3 h6 8.Bc1 O-O
9.Nh4 d6 10.g3 Qe8 11.e3 f4 12.Bg2 Be6 13.gxf4 exf4 14.e4 g5 15.Rg1 Kh7 16.Nf3
Qe7 17.Nd4 Rae8 18.f3 Nd7 19.Kd2 Nxd4 20.cxd4 c6 21.Bb2 d5 22.Bf1 {#R} 0-1

[Event "Ch Region (open)"]
[Site "masterchessopen.com - Angarsk (Russia)"]
[Date "2011.10.27"]
[Round "6"]
[White "Kuzmin Ilya (RUS)"]
[Black "Fellenger Alexander (RUS)"]
[Result "0-1"]
[WhiteElo "2207"]
[BlackElo "2122"]

1.c4 e5 2.Nc3 Nc6 3.Nf3 f5 4.d4 e4 5.Ng5 Nf6 6.g3 d5 7.cxd5 Nb4 8.Nh3 Nbxd5
9.Bg2 Bd6 10.O-O c6 11.Nf4 Nxf4 12.Bxf4 Be6 13.Na4 Bd5 14.Nc5 Bxf4 15.gxf4 Qc7
16.e3 b6 17.Na6 Qd6 18.Qe2 O-O 19.a3 b5 20.Qd2 Bc4 21.Rfe1 Kh8 22.Qb4 Qd7
23.Nc5 Qf7 24.b3 a5 25.Qc3 Bd5 26.Rf1 Qh5 27.Qd2 g5 28.fxg5 Rg8 29.Kh1 Rxg5
30.Qd1 Qh4 31.f4 Rxg2 {#R} 0-1

[Event "It (open)"]
[Site "masterchessopen.com - Leuven (Belgium)"]
[Date "2011.11.13"]
[Round "6"]
[White "Berry Stephen (ENG)"]
[Black "Ikonnikov Vyacheslav (RUS)"]
[Result "0-1"]
[WhiteElo "2336"]
[BlackElo "2529"]

1.c4 e5 2.Nc3 Nc6 3.Nf3 f5 4.g3 Nf6 5.d4 e4 6.Nh4 d6 7.Bh3 g6 8.Bg5 Bg7 9.Qd2
Ne7 10.Bh6 e3 11.Qxe3 f4 12.Bxg7 fxe3 13.Bxh8 exf2+ 14.Kxf2 Nh5 15.Bxc8 Qxc8
16.d5 Qg4 17.Nf3 Kd7 18.Bd4 Rf8 19.Bxa7 Qxc4 20.Rhd1 b6 21.a4 Nf6 22.Rac1 Ng4+
23.Ke1 Rxf3 24.exf3 Ne3 25.Nb5 Qf1+ 26.Kd2 Qf2+ 27.Kd3 Nxd1 28.Rxc7+ Kd8 29.a5
Nxb2+ 30.Ke4 Qe2+ 31.Kd4 {#R} 0-1